000 00380nam a22001577a 4500
999 _c11540
_d11540
003 OSt
008 220920b ||||| |||| 00| 0 eng d
020 _a9789381841136
082 _a808.831 PRI
100 _aPREM CHAND,Munshi
245 _aIndia's Greatest Short Stories
260 _aNew Delhi
_bGrapavine India
300 _a296
650 _aApplied Sc
942 _2ddc
_cBK
_02